000 00317nam a22001457a 4500
008 221208b ||||| |||| 00| 0 eng d
020 _a978495831587
041 _aeng
080 _a311
082 _a311PFE
100 _a25.2
101 _aSTATI
245 _aELEMENTARY STATISTICS
_cPFENNING N
942 _2udc
_cBK
999 _c59147
_d59147